The New Boutique : fashion and design

Gespeichert in:
Bibliographische Detailangaben
1. Verfasser: Bingham, Neil (Verfasst von)
Format: Buch
Veröffentlicht: London : Merrell, 2005
Schlagworte:
Tags: Tag hinzufügen
Keine Tags, Fügen Sie das erste Tag hinzu!

MARC

LEADER 00000nam a22000003a 4500
001 stu100752
005 20150617225823.5
008 051227s2005----------------------------d
020 |a 1-85894-257-8 
040 |a STU  |b slo 
041 0
100 1 |a Bingham, Neil  |4 aut 
245 1 |a The New Boutique :  |b fashion and design 
260 |a London :  |b Merrell,  |c 2005 
300 |a 192 s 
650 7 |a butik  |2 stusub 
650 7 |a obchod  |2 stusub 
650 7 |a interiér  |2 stusub 
996 |b 284AU01823  |c A*4474 U  |l AAKNAR  |s A  |a 24  |w stu100752_0001